Jane Eyre / (Record no. 3419)

MARC details
000 -LEADER
fixed length control field 01211nam a22002537a 4500
001 - CONTROL NUMBER
control field 3419
003 - CONTROL NUMBER IDENTIFIER
control field FISKH
005 - DATE AND TIME OF LATEST TRANSACTION
control field 20240304142514.0
008 - FIXED-LENGTH DATA ELEMENTS--GENERAL INFORMATION
fixed length control field 240304b cb ||||| |||| 00| 0 eng d
020 ## - INTERNATIONAL STANDARD BOOK NUMBER
International Standard Book Number 9781407144061
040 ## - CATALOGING SOURCE
Original cataloging agency DLC
Transcribing agency DLC
Description conventions amim
Language of cataloging eng
050 ## - LIBRARY OF CONGRESS CALL NUMBER
Classification number PR4167
082 ## - DEWEY DECIMAL CLASSIFICATION NUMBER
Classification number 823.8
100 ## - MAIN ENTRY--PERSONAL NAME
Personal name Brontë, Charlotte
130 0# - MAIN ENTRY--UNIFORM TITLE
Uniform title Jane Eyre (Motion picture : 2011)
245 10 - TITLE STATEMENT
Title Jane Eyre /
Statement of responsibility, etc. Charlotte Brontë
260 ## - PUBLICATION, DISTRIBUTION, ETC.
Place of publication, distribution, etc. London :
Name of publisher, distributor, etc. Scholastic,
Date of publication, distribution, etc. 2013
300 ## - PHYSICAL DESCRIPTION
Extent 618 pages :
Other physical details illustrations ;
Dimensions 20 cm
520 ## - SUMMARY, ETC.
Summary, etc. Jane Eyre is raised in her aunt's house after the death of her parents. Her aunt cannot stand the queer, quiet child and sends her off to a spartan boarding school where she is severely mistreated. She survives, however, and eventually finds herself a situation as a governess in the household of Edward Rochester. She and Rochester fall passionately in love, in one of the great literary love stories. But a dark secret in his house will tear them apart and send her alone into the wilderness before she can find her way back to him.
650 #0 - SUBJECT ADDED ENTRY--TOPICAL TERM
Topical term or geographic name entry element Governesses
Geographic subdivision England
906 ## - LOCAL DATA ELEMENT F, LDF (RLIN)
a 7
b cbc
c orignew
d u
e ncip
f 20
g y-movingim
942 ## - ADDED ENTRY ELEMENTS (KOHA)
Source of classification or shelving scheme Dewey Decimal Classification
Koha item type Books
Suppress in OPAC No
Holdings
Withdrawn status Lost status Source of classification or shelving scheme Damaged status Not for loan Collection Home library Current library Shelving location Date acquired Total Checkouts Full call number Barcode Date last seen Date last checked out Price effective from Koha item type
    Dewey Decimal Classification     Fiction Footprints International School Library Network Toul Kork Campus Footprints International School Library Network Toul Kork Campus   03/04/2024 2 BRO Fic PR4167 FISSE00820 10/18/2024 09/12/2024 03/04/2024 Books